<?xml version="1.0" encoding="UTF-8"?>
<record
    xmlns:xsi="http://www.w3.org/2001/XMLSchema-instance"
    xsi:schemaLocation="http://www.loc.gov/MARC21/slim http://www.loc.gov/standards/marcxml/schema/MARC21slim.xsd"
    xmlns="http://www.loc.gov/MARC21/slim">

  <leader>00562nam a2200181Ia 4500</leader>
  <controlfield tag="008">090124s9999    xx            000 0 und d</controlfield>
  <datafield tag="082" ind1=" " ind2=" ">
    <subfield code="b">28326</subfield>
    <subfield code="a">2766</subfield>
  </datafield>
  <datafield tag="100" ind1=" " ind2=" ">
    <subfield code="a">"&#x936;&#x92C;&#x94D;&#x926;&#x917;&#x902;&#x927; &#x915;&#x935;&#x93F;&#x92E;&#x902;&#x921;&#x933;, &#x92C;&#x947;&#x933;&#x917;&#x93E;&#x935;"</subfield>
  </datafield>
  <datafield tag="245" ind1=" " ind2=" ">
    <subfield code="a"> &#x905;&#x902;&#x915;&#x941;&#x930;</subfield>
  </datafield>
  <datafield tag="250" ind1=" " ind2=" ">
    <subfield code="a">1</subfield>
  </datafield>
  <datafield tag="260" ind1=" " ind2=" ">
    <subfield code="c">1995</subfield>
  </datafield>
  <datafield tag="300" ind1=" " ind2=" ">
    <subfield code="a">72</subfield>
  </datafield>
  <datafield tag="600" ind1=" " ind2=" ">
    <subfield code="a">"&#x936;&#x92C;&#x94D;&#x926;&#x917;&#x902;&#x927; &#x915;&#x935;&#x93F;&#x92E;&#x902;&#x921;&#x933;, &#x92C;&#x947;&#x933;&#x917;&#x93E;&#x935;"</subfield>
  </datafield>
  <datafield tag="630" ind1=" " ind2=" ">
    <subfield code="a"> &#x905;&#x902;&#x915;&#x941;&#x930;</subfield>
  </datafield>
  <datafield tag="700" ind1=" " ind2=" ">
    <subfield code="a">"&#x936;&#x92C;&#x94D;&#x926;&#x917;&#x902;&#x927; &#x915;&#x935;&#x93F;&#x92E;&#x902;&#x921;&#x933;, &#x92C;&#x947;&#x933;&#x917;&#x93E;&#x935;"</subfield>
  </datafield>
  <datafield tag="730" ind1=" " ind2=" ">
    <subfield code="a"> &#x905;&#x902;&#x915;&#x941;&#x930;</subfield>
  </datafield>
  <datafield tag="942" ind1=" " ind2=" ">
    <subfield code="c">BOOK</subfield>
  </datafield>
  <datafield tag="999" ind1=" " ind2=" ">
    <subfield code="c">141788</subfield>
    <subfield code="d">141788</subfield>
  </datafield>
  <datafield tag="952" ind1=" " ind2=" ">
    <subfield code="0">0</subfield>
    <subfield code="1">0</subfield>
    <subfield code="4">0</subfield>
    <subfield code="7">0</subfield>
    <subfield code="a">THNMGS</subfield>
    <subfield code="b">THNMGS</subfield>
    <subfield code="d">0000-00-00</subfield>
    <subfield code="g">30.00</subfield>
    <subfield code="l">0</subfield>
    <subfield code="o">28326</subfield>
    <subfield code="p">THNMGS-28326</subfield>
    <subfield code="r">2009-01-24 00:00:00</subfield>
    <subfield code="v">30.00</subfield>
    <subfield code="w">2009-01-24</subfield>
    <subfield code="y">BOOK</subfield>
  </datafield>
</record>
